| 000 | 00720nam a2200181Ia 4500 | ||
|---|---|---|---|
| 008 | 090630s9999 xx 000 0 und d | ||
| 082 | _b25055 | ||
| 100 | _aगुजराथी उन्मेष. | ||
| 245 |
_aचला विद्रोहयांच्या जगात. _cगुजराथी उन्मेष. |
||
| 260 |
_bआमोद - मुंबई. _c2006 |
||
| 300 | _a120 | ||
| 600 | _aगुजराथी उन्मेष. | ||
| 630 | _aचला विद्रोहयांच्या जगात. | ||
| 655 | _aइतर. | ||
| 700 | _aगुजराथी उन्मेष. | ||
| 730 | _aचला विद्रोहयांच्या जगात. | ||
| 942 | _cBOOK | ||
| 999 |
_c276911 _d276911 |
||